| 000 | 00497pab a2200181 454500 | ||
|---|---|---|---|
| 008 | 180718b2007 xxu||||| |||| 00| 0 eng d | ||
| 100 | _aGun, Sema et al | ||
| 245 | _aFemale agricultural workers in cotton cultivation in Turkey | ||
| 260 | _c2007 | ||
| 300 | _ap.485-95. | ||
| 362 | _aOct | ||
| 650 | _aAgricultural workers - Turkey | ||
| 650 | _aWomen in agriculture - Turkey | ||
| 650 | _aWomen in agriculture | ||
| 773 | _aIndian Journal of Social Work | ||
| 908 | _aN | ||
| 909 | _a85753 | ||
| 999 |
_c85753 _d85753 |
||